| 000 | 02368nam a22003257a 4500 | ||
|---|---|---|---|
| 999 |
_c21825 _d21825 |
||
| 003 | AR-CdUCM | ||
| 008 | 190425b ||||| |||| 00| 0 spa d | ||
| 040 |
_aMUNICIPALIDAD PROVINCIAL DEL CUSCO _cBIBLIOTECA MUNICIPAL DEL CUSCO |
||
| 082 | _aRev.Allp/N°49/1997 | ||
| 110 |
_aInstituto de Pastoral Andina _912766 |
||
| 245 |
_aAllpanchis Phuturinqa : _bRevista Anual / |
||
| 260 |
_aLima : _bTarea Asociación Gráfica Educativa, _c1997. |
||
| 300 |
_a278 páginas. : _c20 cm. |
||
| 440 |
_aRevista del Instituto de Pastoral Andina Cusco _nAño XXIX, 1997,N°49.Vol.[XLV] _946278 |
||
| 500 | _aDespués de los incas y aztecas | ||
| 505 | _aContenido: El componente occidental una lectura sobre la Nueva Crónica y Buen Gobierno de Felipe Guamán Poma de Ayala. Claudia Guarisco Canseco. -- La conciencia y la voluntad aspiraciones e intereses bajo el gobierno de Antonio de Mendoza. Elisa Speckman Guerra. -- Las diversiones y el discurso modernizador los intentos de formación de un cultura burguesa en Lima 1890-1912. Fanni Muñoz Cabrejo. -- Modernización y ciudadanía la experiencia de la ciudad de México 1870-1930. Jorge Bracamonte Allain. -- Estado y representación en el Perú un ensayo de interpretación. Morgan Quero. -- El Leviatán exhausto la crisis del Estado interventor en México. Adrián Acosta Silva. -- Entre la mierda y el mal la diversidad etnocultural en los zorros de Arguedas. Ricardo Melgar Bao. -- Un asomo a la otredad nuevos derroteros para la democratización en México. Sara Makowski. -- Acerca de intelectuales y política en el Perú. Osmar Gonzales. -- Entre la institución y la revolución intelectuales y cambio político en México. Laura Baca Olamendi. -- La pacificación en el Perú buscando nuevos rumbos. Eduardo Toche.-- Del horror a la costumbre violencia y política en el México actual. Mario Constantino Toto. | ||
| 650 |
_aModernización y ciudadanía _946279 |
||
| 650 |
_aDiversidad cultural _944124 |
||
| 650 |
_aDemocratización _96686 |
||
| 650 |
_aViolencia política _97220 |
||
| 650 |
_aMéxico _918 |
||
| 650 |
_aPerú _946280 |
||
| 700 |
_aGuarisco Canseco, Claudia _946281 |
||
| 700 |
_aMuñoz Cabrejo, Fanni _923928 |
||
| 700 |
_aBracamonte Allain, Jorge _946282 |
||
| 700 |
_aBaca Olamendi, Laura _946283 |
||
| 700 |
_aMelgar Bao, Ricardo _946284 |
||
| 942 |
_2ddc _cPP |
||
| 945 | _arac | ||